[Event "28th Pula Open 2014"]
[Site "Pula CRO"]
[Date "2014.06.13"]
[Round "8.18"]
[White "Blagojevic, Marijan"]
[Black "Kastelic, Marian"]
[Result "1/2-1/2"]
[BlackTitle "FM"]
[WhiteElo "2143"]
[BlackElo "2311"]
[WhiteFideId "14513960"]
[BlackFideId "14602245"]
[EventDate "2014.06.07"]
[EventType "swiss"]

1. d4 d5 2. c4 e6 3. Nf3 Nf6 4. Nc3 dxc4 5. e4 Bb4 6. Bg5 b5 7. e5 h6 8. Bh4 g5
9. Nxg5 Nd5 10. Qh5 Qd7 11. Ne4 Nc6 12. Rd1 Bb7 13. Be2 Nce7 14. O-O Bxc3 15.
bxc3 O-O-O 16. Nc5 Qe8 17. Bf3 Bc6 18. Bxe7 Qxe7 19. Be4 f5 20. exf6 Nxf6 21.
Qh4 Bxe4 22. Nxe4 Nd5 23. Qxe7 Nxe7 24. Rb1 a6 25. a4 c6 26. Rfc1 Nd5 27. g3 Nc7
28. Rd1 Rhe8 29. f4 Kb7 30. Nc5+ Kb6 31. Kf2 Rd5 32. Ne4 Rf8 33. Ke3 a5 34. Nd2
Ka6 35. Rb2 Rh5 36. Ne4 b4 37. Rdb1 Nd5+ 38. Kf3 Ka7 39. cxb4 axb4 40. Rxb4 Nxb4
41. Rxb4 Rxh2 42. Rxc4 Kb6 43. a5+ Kc7 44. Nc5 Kd6 45. Rb4 Kd5 46. a6 Ra2 47.
Rb3 Kxd4 48. Nxe6+ Kc4 49. Rb7 Rf6 50. Nc7 c5 51. a7 Ra3+ 52. Ke4 Rf7 53. Na6
Rf8 54. Rb8 Rxa6 55. Rxf8 Rxa7 56. Rf6 Rg7 57. Rxh6 1/2-1/2

[Event "28th Pula Open 2014"]
[Site "Pula CRO"]
[Date "2014.06.13"]
[Round "8.20"]
[White "Kaczur, Florian"]
[Black "Jeran, Bostjan"]
[Result "0-1"]
[WhiteElo "2289"]
[BlackElo "2179"]
[WhiteFideId "705098"]
[BlackFideId "14604612"]
[EventDate "2014.06.07"]
[EventType "swiss"]

1. e4 d6 2. d4 Nf6 3. Nc3 g6 4. Be2 Bg7 5. Nf3 O-O 6. O-O Na6 7. Bxa6 bxa6 8.
Re1 Nd7 9. d5 Bb7 10. Nd4 Ne5 11. f4 c5 12. Nb3 Nd7 13. a4 Qc7 14. Be3 Rfe8 15.
a5 Rab8 16. Ra4 e6 17. Qd3 exd5 18. exd5 Nf6 19. Nd2 Bc8 20. Nc4 Bf5 21. Qd2 Rb4
22. Bf2 Bd7 23. b3 Bxa4 24. Nxa4 Rxe1+ 25. Bxe1 Rb8 26. Nc3 Re8 27. f5 Ng4 28.
Bg3 Bd4+ 29. Kh1 Ne5 30. Nxe5 Bxe5 31. Ne4 Qe7 32. f6 Bxf6 33. Nxd6 Qe2 34. Qc1
Re3 35. Nc4 Rc3 36. Na3 c4 37. Qe1 Qh5 38. Bd6 Kg7 39. bxc4 Qg5 40. h3 Re3 41.
Qf2 Bd4 42. Bf4 Qxf4 43. Qxf4 Re1+ 44. Kh2 Be5 45. Qxe5+ Rxe5 46. Nb1 Re2 47. c3
Kf6 48. Kg3 Ke5 49. Kf3 Rb2 50. Na3 Ra2 51. Nb1 Rb2 52. Na3 Rb3 53. Nc2 Rxc3+
54. Ne3 Kd4 55. d6 Rxe3+ 56. Kf4 Rd3 57. d7 Kxc4 58. d8=Q Rxd8 0-1

[Event "28th Pula Open 2014"]
[Site "Pula CRO"]
[Date "2014.06.13"]
[Round "8.21"]
[White "Zvan, Ziga"]
[Black "Tica, Sven"]
[Result "1-0"]
[WhiteTitle "FM"]
[WhiteElo "2274"]
[BlackElo "2177"]
[WhiteFideId "14602814"]
[BlackFideId "14526948"]
[EventDate "2014.06.07"]
[EventType "swiss"]

1. d4 d5 2. c4 e6 3. Nc3 c5 4. cxd5 exd5 5. Nf3 Nc6 6. Bf4 Nf6 7. Rc1 c4 8. g3
Qb6 9. Bg2 Be7 10. O-O O-O 11. Ne5 Be6 12. b3 cxb3 13. Nxc6 bxc6 14. Na4 Qb4 15.
axb3 Nd7 16. e4 dxe4 17. Bxe4 Rac8 18. Rc3 Nf6 19. Bd3 Qa5 20. Be5 Rfd8 21. Qc2
Nd5 22. Bxh7+ Kf8 23. Rf3 Nf6 24. Nc5 Bh3 25. Rc1 Qb4 26. Bf5 Bxf5 27. Qxf5 Qd2
28. Rc2 Qd1+ 29. Kg2 g6 30. Qh3 Nh5 31. Ne6+ Ke8 32. Nxd8 Kxd8 33. Ra2 f6 34.
Rxa7 1-0

[Event "28th Pula Open 2014"]
[Site "Pula CRO"]
[Date "2014.06.13"]
[Round "8.22"]
[White "Trtanj, Zoran"]
[Black "Fucak, Emilijo"]
[Result "0-1"]
[BlackTitle "FM"]
[WhiteElo "1990"]
[BlackElo "2258"]
[WhiteFideId "14506556"]
[BlackFideId "14501023"]
[EventDate "2014.06.07"]
[EventType "swiss"]

1. Nf3 c5 2. g3 Nc6 3. Bg2 e5 4. d3 Be7 5. c3 h5 6. Be3 Nf6 7. h3 d5 8. d4 e4 9.
Ne5 Qb6 10. Qd2 Be6 11. Nxc6 bxc6 12. dxc5 Bxc5 13. Bxc5 Qxc5 14. e3 Nd7 15. Qd4
Qb5 16. b4 c5 17. a4 Qb6 18. Qd2 Ne5 19. O-O Rd8 20. b5 Bxh3 21. Na3 Bxg2 22.
Kxg2 Qf6 23. Qe2 h4 24. Rh1 Ke7 25. gxh4 Nf3 26. Qa2 Nxh4+ 27. Kf1 Qxc3 28. Rd1
c4 29. Nb1 Qb3 30. Qxb3 cxb3 31. Nd2 Nf3 32. Rxh8 Nxd2+ 33. Rxd2 Rxh8 34. Rb2
Rh1+ 35. Ke2 Ra1 36. Rxb3 Rxa4 37. b6 axb6 38. Rxb6 Ra7 39. Rb2 Ke6 40. Kf1 Rd7
41. Rd2 Ke5 42. Rd4 f5 43. Kg2 g5 44. Kg3 Rd8 45. Ra4 d4 46. exd4+ Rxd4 47. Ra8
Rd3+ 48. Kg2 Kf4 49. Ra4 Rd2 50. Rb4 g4 51. Rb3 Rd3 52. Rb8 g3 53. Rh8 gxf2 54.
Kxf2 Rd2+ 0-1

[Event "28th Pula Open 2014"]
[Site "Pula CRO"]
[Date "2014.06.13"]
[Round "8.23"]
[White "Uwira, Oliver"]
[Black "Kersic, Matej"]
[Result "0-1"]
[WhiteTitle "FM"]
[WhiteElo "2257"]
[BlackElo "2159"]
[WhiteFideId "4646630"]
[BlackFideId "14605848"]
[EventDate "2014.06.07"]
[EventType "swiss"]

1. d4 d5 2. c4 c6 3. Nf3 Nf6 4. Nc3 e6 5. e3 Nbd7 6. Qc2 Bd6 7. Bd3 dxc4 8. Bxc4
e5 9. O-O O-O 10. Rd1 Qe7 11. h3 exd4 12. exd4 Nb6 13. Bd3 h6 14. Re1 Qc7 15.
Ne5 Be6 16. Qe2 Nbd7 17. Bf4 Rfe8 18. Rad1 Bd5 19. Bb1 Nf8 20. Qd2 N8d7 21. Qc2
Nf8 22. a3 Rac8 23. Qd2 N8d7 24. Nxd7 Nxd7 25. Nxd5 cxd5 26. Qd3 Nf6 27. Bxd6
Qxd6 28. Qf5 Re6 29. Re5 Rce8 30. Rde1 Qb6 31. b4 Kf8 32. Qf4 Qd6 33. Ba2 Nd7
34. Rxe6 Rxe6 35. Qxd6+ Rxd6 36. Rc1 Rc6 37. Rxc6 bxc6 38. b5 cxb5 39. Bxd5 Ke7
40. Bc6 a6 41. Bb7 a5 42. Ba6 b4 43. axb4 axb4 44. Bc4 Nb8 45. d5 Kd6 46. Kf1
Kc5 47. Ba2 f6 48. Ke2 Kd4 49. Kd2 Nd7 50. Kc2 Nc5 51. d6 Ke5 52. d7 Nxd7 53.
Kb3 Kd4 54. Kxb4 Ne5 55. Bb1 Nd3+ 56. Kb5 Nxf2 57. Kc6 Ke5 58. Kd7 g5 59. Ke7 h5
60. Kf7 Nd1 61. Bg6 h4 62. Bh5 Ne3 63. Bf3 f5 64. Kg6 Kf4 65. Kh5 Nc4 66. Bd5
Nd2 67. Be6 Nf1 68. Bc8 Ne3 69. Bb7 Nxg2 70. Bxg2 Kg3 71. Bb7 g4 72. Kg5 f4 73.
hxg4 h3 74. Kf5 f3 75. g5 f2 76. Ba6 h2 77. g6 h1=Q 78. g7 Qh7+ 79. Kf6 Qg8 0-1

[Event "28th Pula Open 2014"]
[Site "Pula CRO"]
[Date "2014.06.13"]
[Round "8.24"]
[White "Zierke, Oliver"]
[Black "Vasic, Bosko"]
[Result "1-0"]
[WhiteTitle "FM"]
[WhiteElo "2253"]
[BlackElo "2126"]
[WhiteFideId "4607244"]
[BlackFideId "14503972"]
[EventDate "2014.06.07"]
[EventType "swiss"]

1. d4 Nf6 2. Nf3 e6 3. Bg5 c5 4. e3 Nc6 5. Nbd2 Be7 6. dxc5 Bxc5 7. c4 Be7 8.
Qc2 O-O 9. Be2 d5 10. O-O d4 11. exd4 Nxd4 12. Nxd4 Qxd4 13. Nf3 Qc5 14. a3 b6
15. b4 Qc7 16. Nd4 Bb7 17. Nb5 Qe5 18. Bh4 Rfd8 19. Rad1 a6 20. Nc3 Rac8 21. Bg3
Qg5 22. Rxd8+ Bxd8 23. Rd1 Be7 24. f4 Qh6 25. Qd2 g6 26. Qe3 Bd8 27. Na4 b5 28.
cxb5 Nd5 29. Qa7 Ba8 30. Qxa6 Rb8 31. Qa7 Rc8 32. Qd7 Rb8 33. Bf3 Bf6 34. b6 Qf8
35. Qb5 Qc8 36. f5 Bc6 37. Qc5 Bxa4 38. Qxc8+ Rxc8 39. b7 Re8 40. Rd2 Bc3 41.
Rd3 Bc2 42. Rxc3 Nxc3 43. fxe6 fxe6 44. b8=Q Rxb8 45. Bxb8 Nb5 46. Bc6 Nxa3 47.
Kf2 Kf7 48. Ke3 Ke7 49. Kd4 Bb3 50. Kc5 Kd8 51. b5 Kc8 52. Bg3 Bd5 53. b6 Bxc6
54. Kxc6 Nc4 55. b7+ 1-0

[Event "28th Pula Open 2014"]
[Site "Pula CRO"]
[Date "2014.06.13"]
[Round "8.25"]
[White "Sobolevsky, Leonid"]
[Black "Roth, Josef"]
[Result "1-0"]
[WhiteTitle "IM"]
[WhiteElo "2245"]
[BlackElo "2115"]
[WhiteFideId "14103621"]
[BlackFideId "4609778"]
[EventDate "2014.06.07"]
[EventType "swiss"]

1. e4 c5 2. Nf3 d6 3. d4 cxd4 4. Nxd4 Nf6 5. Nc3 Nc6 6. Bg5 e6 7. Qd2 a6 8.
O-O-O Bd7 9. f4 b5 10. a3 Be7 11. Be2 Rc8 12. Nxc6 Bxc6 13. Bf3 Qc7 14. Bxf6
gxf6 15. f5 a5 16. fxe6 O-O 17. Bg4 b4 18. axb4 axb4 19. Nd5 Bxd5 20. exd5 Kg7
21. Bf5 fxe6 22. dxe6 d5 23. Qd4 Ra8 24. Rhe1 Ra1+ 25. Kd2 Rxd1+ 26. Kxd1 Qxh2
27. Qg4+ Kh8 28. Qh3 Qxh3 29. Bxh3 Kg8 30. Kd2 Ra8 31. b3 Rc8 32. Bf5 Kg7 33.
Rh1 h6 34. Rh4 Rg8 35. Kd3 h5 36. Rxh5 Rh8 37. g4 Bd6 38. Ke3 Bc5+ 39. Kd3 Rxh5
40. gxh5 Kh6 41. Bg6 f5 42. c3 bxc3 43. Kxc3 f4 44. b4 d4+ 45. Kc4 Bd6 46. b5 f3
47. b6 d3 48. Bxd3 Kg7 49. Kd5 Bb8 50. h6+ 1-0

[Event "28th Pula Open 2014"]
[Site "Pula CRO"]
[Date "2014.06.14"]
[Round "9.1"]
[White "Jovanovic, Zoran"]
[Black "Fodor, Tamas Jr."]
[Result "1-0"]
[WhiteTitle "GM"]
[BlackTitle "GM"]
[WhiteElo "2556"]
[BlackElo "2462"]
[WhiteFideId "14505320"]
[BlackFideId "723762"]
[EventDate "2014.06.07"]
[EventType "swiss"]

1. e4 e6 2. d4 d5 3. Nc3 Bb4 4. exd5 exd5 5. Bd3 Nf6 6. Ne2 O-O 7. O-O c6 8. Ng3
Re8 9. Nce2 Nbd7 10. c3 Bd6 11. Nf5 Bc7 12. Neg3 Nf8 13. Qf3 Bxf5 14. Qxf5 Qd7
15. Qxd7 N8xd7 16. Be3 g6 17. Rfe1 Kg7 18. f3 a5 19. a4 Bd6 20. Nf1 Nh5 21. g3
f5 22. Bd2 Nhf6 23. Ne3 Kf7 24. Ng2 Nf8 25. Nf4 Ne6 26. Nxe6 Rxe6 27. Rxe6 Kxe6
28. Kf2 Kd7 29. Bg5 Rf8 30. Kg2 Ne8 31. Bh6 Rg8 32. Re1 Nc7 33. h4 Ne6 34. Bd2
Rf8 35. h5 gxh5 36. Rh1 f4 37. Rxh5 fxg3 38. Bf5 Rf7 39. f4 Ke7 40. Bxe6 Kxe6
41. Kxg3 Bf8 42. Kg4 Rg7+ 43. Kf3 Rf7 44. Be1 Bd6 45. Bg3 Kd7 46. b3 b6 47. c4
dxc4 48. bxc4 Bc7 49. Rh6 Bd6 50. Rh1 Bc7 51. Rh5 Bd6 52. c5 Bc7 53. cxb6 Bxb6
54. Bf2 Bc7 55. Be3 Ke6 56. Ke4 Kd7 57. f5 Re7+ 58. Kd3 Rf7 59. Kc4 Bd6 60. Bd2
Bc7 61. Kc5 Bd8 62. Bf4 Rf6 63. Rxh7+ Kc8 64. Rh5 Be7+ 65. Kc4 Kd7 66. Be5 Rf7
67. Kd3 c5 68. d5 Rf8 69. Kc4 Rf7 70. Bc3 1-0

[Event "28th Pula Open 2014"]
[Site "Pula CRO"]
[Date "2014.06.14"]
[Round "9.2"]
[White "Bosiocic, Marin"]
[Black "Zufic, Miroslav"]
[Result "1/2-1/2"]
[WhiteTitle "GM"]
[BlackTitle "IM"]
[WhiteElo "2543"]
[BlackElo "2470"]
[WhiteFideId "14507927"]
[BlackFideId "14506157"]
[EventDate "2014.06.07"]
[EventType "swiss"]

1. d4 d5 2. c4 e6 3. Nc3 Nf6 4. cxd5 exd5 5. Bg5 Be7 6. e3 Nbd7 7. Bd3 c6 8.
Nge2 O-O 9. O-O Re8 10. f3 Nf8 11. Bh4 Ng6 12. Bf2 Bd6 13. Kh1 Nh5 14. e4 Nhf4
15. Nxf4 Nxf4 16. Bc2 Qg5 17. Bg3 Re6 18. e5 Rh6 19. Bxf4 Qxf4 20. g3 Qxg3 21.
Qd2 Rh4 22. exd6 Qxd6 23. Rae1 Bh3 24. Rg1 Qf6 25. Qe3 Be6 26. Rg3 Qxd4 27. Qxd4
Rxd4 28. Rd1 Rxd1+ 29. Nxd1 Re8 30. Kg1 d4 31. b3 1/2-1/2

[Event "28th Pula Open 2014"]
[Site "Pula CRO"]
[Date "2014.06.14"]
[Round "9.3"]
[White "Jovanic, Ognjen"]
[Black "Fercec, Nenad"]
[Result "1/2-1/2"]
[WhiteTitle "GM"]
[BlackTitle "GM"]
[WhiteElo "2489"]
[BlackElo "2495"]
[WhiteFideId "14504081"]
[BlackFideId "14500299"]
[EventDate "2014.06.07"]
[EventType "swiss"]

1. d4 Nf6 2. c4 e6 3. Nf3 Bb4+ 4. Bd2 Qe7 5. g3 Bxd2+ 6. Qxd2 Nc6 7. e3 d5 8.
Bg2 O-O 9. O-O Rd8 10. Qc3 dxc4 11. Nbd2 e5 12. Nxe5 Nxe5 13. dxe5 Nd5 14. Bxd5
Rxd5 15. Nxc4 Bh3 16. Rfd1 Qd7 17. Rd4 Rd8 18. f4 1/2-1/2

[Event "28th Pula Open 2014"]
[Site "Pula CRO"]
[Date "2014.06.14"]
[Round "9.4"]
[White "Cherin, Diego"]
[Black "Tratar, Marko"]
[Result "0-1"]
[WhiteTitle "FM"]
[BlackTitle "GM"]
[WhiteElo "2239"]
[BlackElo "2484"]
[WhiteFideId "816922"]
[BlackFideId "14600684"]
[EventDate "2014.06.07"]
[EventType "swiss"]

1. e4 e6 2. d4 d5 3. Nd2 Nc6 4. Ngf3 Nf6 5. e5 Nd7 6. c4 Be7 7. Be2 O-O 8. O-O
f6 9. cxd5 exd5 10. exf6 Nxf6 11. Nb3 Bd6 12. Bg5 Qe8 13. Bh4 Ne4 14. Bg3 Nxg3
15. hxg3 Bg4 16. Nc1 Kh8 17. Ne1 Bd7 18. Bg4 Rd8 19. Nb3 Bxg3 20. Nc5 Bc8 21.
Bxc8 Rxc8 22. Nf3 Bf4 23. Qb3 b6 24. Rfe1 Qh5 25. Ne6 Rf6 26. Nxf4 Rxf4 27. Qc3
Rf6 28. Ne5 Rh6 29. f3 Nxe5 30. dxe5 Qh2+ 31. Kf2 Rg6 32. Rg1 Qg3+ 33. Kf1 c5
34. Re1 Re8 35. Qe3 d4 36. Qf2 Qf4 37. g3 Qf5 38. f4 Rg4 39. Ke2 g5 40. Rgf1
gxf4 41. gxf4 Reg8 42. Rg1 Qc2+ 0-1

[Event "28th Pula Open 2014"]
[Site "Pula CRO"]
[Date "2014.06.14"]
[Round "9.5"]
[White "Drazic, Sinisa"]
[Black "Reichmann, Egon"]
[Result "0-1"]
[WhiteTitle "GM"]
[BlackTitle "FM"]
[WhiteElo "2433"]
[BlackElo "2249"]
[WhiteFideId "901172"]
[BlackFideId "1600486"]
[EventDate "2014.06.07"]
[EventType "swiss"]

1. d4 d5 2. Bg5 c6 3. e3 Bf5 4. Bd3 Bg6 5. Ne2 Nd7 6. O-O Ngf6 7. c4 e6 8. Nbc3
Bd6 9. h3 O-O 10. c5 Bc7 11. f4 b6 12. Bxg6 hxg6 13. b4 bxc5 14. bxc5 Ba5 15.
Qa4 Qc7 16. Rab1 Rfb8 17. Rb3 Bxc3 18. Nxc3 Rxb3 19. axb3 Rb8 20. Ra1 Rb7 21.
Kf2 Kf8 22. Kf3 Nb8 23. Ra3 Qd7 24. Ke2 Ne4 25. Nxe4 dxe4 26. Kd2 Qd5 27. Kc3 f6
28. Bh4 Qh5 29. Bf2 Qe2 30. Ra2 Qd3+ 31. Kb2 a5 32. g4 Rb4 33. Qa3 Na6 34. h4 a4
35. Qxa4 Rxa4 36. Rxa4 Nc7 0-1

[Event "28th Pula Open 2014"]
[Site "Pula CRO"]
[Date "2014.06.14"]
[Round "9.6"]
[White "Dauth, Benjamin"]
[Black "Franciskovic, Borka"]
[Result "1/2-1/2"]
[WhiteTitle "FM"]
[BlackTitle "WIM"]
[WhiteElo "2345"]
[BlackElo "2310"]
[WhiteFideId "4688104"]
[BlackFideId "14507943"]
[EventDate "2014.06.07"]
[EventType "swiss"]

1. e4 c6 2. d4 d5 3. exd5 cxd5 4. Bd3 Nc6 5. c3 Nf6 6. Ne2 e5 7. dxe5 Nxe5 8.
O-O Bd6 9. Bb5+ Bd7 10. Bxd7+ Qxd7 11. Bf4 O-O 12. Nd2 h6 13. Bxe5 Bxe5 14. Nf3
Bc7 15. Qd3 Rfe8 16. Ned4 Rad8 17. Rfe1 a6 18. Rxe8+ Rxe8 19. Rd1 Bb6 20. Kf1
Ne4 21. Re1 Qa4 22. a3 Qc4 23. Rd1 g6 24. Ne1 Nc5 25. Qxc4 dxc4 26. Ne2 Rd8 27.
Nd4 Na4 28. Rd2 Bc5 29. Nef3 Be7 30. Ne5 Bg5 31. Rc2 b5 32. Nec6 Re8 33. Nf3 Bf6 1/2-1/2

[Event "28th Pula Open 2014"]
[Site "Pula CRO"]
[Date "2014.06.14"]
[Round "9.7"]
[White "Fucak, Emilijo"]
[Black "Kovacevic, Blazimir"]
[Result "0-1"]
[WhiteTitle "FM"]
[BlackTitle "IM"]
[WhiteElo "2258"]
[BlackElo "2474"]
[WhiteFideId "14501023"]
[BlackFideId "14502712"]
[EventDate "2014.06.07"]
[EventType "swiss"]

1. c4 f5 2. g3 Nf6 3. Bg2 g6 4. Nc3 Bg7 5. d3 O-O 6. e3 e5 7. Nge2 c6 8. b4 d5
9. cxd5 cxd5 10. Qb3 Be6 11. b5 Re8 12. d4 e4 13. a4 Nbd7 14. a5 Nc5 15. dxc5 d4
16. Qa3 dxc3 17. Nxc3 Nd7 18. O-O Rc8 19. Bb2 Nxc5 20. Ne2 Nb3 21. Bxg7 Kxg7 22.
Rfd1 Qe7 23. Qxe7+ Rxe7 24. Ra3 Rc2 25. Bf1 Rb2 26. Nf4 Bf7 27. h4 Nd2 28. a6 b6
29. Be2 Rc7 30. Raa1 Kf6 31. g4 Rcc2 32. Rdc1 Rxc1+ 33. Rxc1 Rb1 34. Rxb1 Nxb1
35. g5+ Ke7 36. Kg2 Nc3 37. Kg3 Kd6 38. h5 gxh5 39. Kh4 Ke7 40. Bf1 Be8 41. Bh3
Bg6 42. Bf1 Kd6 43. Bc4 Kc5 44. Nxg6 Kxc4 45. Nf8 Nxb5 46. Nxh7 Nd6 47. g6 Ne8
48. Kg5 h4 49. Nf6 Ng7 50. Nh5 h3 51. Ng3 h2 52. Kf6 Nh5+ 53. Ke5 b5 54. Nxh5
h1=Q 55. g7 Qh2+ 56. Kxf5 Qxh5+ 0-1

[Event "28th Pula Open 2014"]
[Site "Pula CRO"]
[Date "2014.06.14"]
[Round "9.8"]
[White "Rukavina, Josip"]
[Black "Mihalinec, Damir"]
[Result "1-0"]
[WhiteTitle "IM"]
[WhiteElo "2410"]
[BlackElo "2247"]
[WhiteFideId "14500191"]
[BlackFideId "14504260"]
[EventDate "2014.06.07"]
[EventType "swiss"]

1. Nf3 Nf6 2. c4 g6 3. Nc3 Bg7 4. d4 d5 5. Bf4 c5 6. dxc5 Qa5 7. cxd5 Nxd5 8.
Qxd5 Bxc3+ 9. Bd2 Bxd2+ 10. Qxd2 Qxc5 11. Rc1 Qf5 12. g3 O-O 13. Bg2 Nc6 14. O-O
Qh5 15. Qe3 Rd8 16. Rc5 Rd5 17. Rfc1 Be6 18. h3 Rad8 19. g4 Bxg4 20. Rxd5 Rxd5
21. hxg4 Qxg4 22. Nh2 Qg5 23. f4 Qf5 24. Bxd5 Qxd5 25. a3 1-0

[Event "28th Pula Open 2014"]
[Site "Pula CRO"]
[Date "2014.06.14"]
[Round "9.9"]
[White "Veszpremi, Andras"]
[Black "Lizak, Peter"]
[Result "0-1"]
[BlackTitle "IM"]
[WhiteElo "2236"]
[BlackElo "2401"]
[WhiteFideId "730270"]
[BlackFideId "731595"]
[EventDate "2014.06.07"]
[EventType "swiss"]

1. e4 a6 2. c4 g6 3. d4 Bg7 4. Nc3 d6 5. Be3 Nf6 6. Be2 O-O 7. g4 b5 8. g5 Nfd7
9. cxb5 axb5 10. Bxb5 Ba6 11. Be2 c5 12. dxc5 dxc5 13. Bxa6 Nxa6 14. Nge2 Ne5
15. Qxd8 Rfxd8 16. O-O Nc4 17. Bc1 Nb4 18. b3 Ne5 19. Be3 Nc2 20. Rad1 Nf3+ 21.
Kg2 Nxe3+ 22. fxe3 Nxg5 23. h4 Ne6 24. Rxd8+ Nxd8 25. Rd1 Nc6 26. Rd5 Nb4 27.
Rxc5 Bxc3 28. Nxc3 Nxa2 29. Nxa2 Rxa2+ 30. Kf3 Rb2 31. Rb5 Kg7 32. e5 h6 33. b4
e6 34. Rb8 Rb1 35. Kg2 Re1 36. Kf2 Rh1 37. Kg3 Rb1 38. Kg2 h5 39. e4 Re1 40. Kf3
Rh1 41. Kg3 Rg1+ 42. Kf3 Rg4 43. Ra8 Rxh4 44. Ke3 Rh1 45. Kd4 Rb1 46. Kc5 h4 47.
Ra2 g5 48. Rh2 Kg6 0-1

[Event "28th Pula Open 2014"]
[Site "Pula CRO"]
[Date "2014.06.14"]
[Round "9.10"]
[White "Maier, Christian"]
[Black "Zierke, Oliver"]
[Result "1/2-1/2"]
[WhiteTitle "IM"]
[BlackTitle "FM"]
[WhiteElo "2369"]
[BlackElo "2253"]
[WhiteFideId "4601955"]
[BlackFideId "4607244"]
[EventDate "2014.06.07"]
[EventType "swiss"]

1. e4 c5 2. Nf3 d6 3. Bb5+ Bd7 4. c4 Nc6 5. Nc3 Nf6 6. O-O e6 7. d4 cxd4 8. Nxd4
Be7 9. Be3 O-O 10. h3 a6 11. Bxc6 Bxc6 12. Qc2 Rc8 13. Rfd1 Qc7 14. Rac1 Rfe8
15. a4 b6 16. Nxc6 Qxc6 17. b3 Qb7 18. Rd3 h6 19. Bd4 d5 20. cxd5 exd5 21. e5
Ne4 22. Qb2 Bb4 23. Rcd1 Bxc3 24. Bxc3 Rxc3 25. Rxc3 Nxc3 26. Qxc3 Rc8 27. Qd4
Rc5 28. Rd3 Qc6 29. Kh2 g6 30. Rf3 Qd7 31. Qf4 Qe7 32. Qd4 Qd7 33. Re3 Qe6 34.
Rf3 Rc6 35. h4 h5 36. Kg3 a5 37. Rf4 Qd7 38. Kh2 Re6 39. Rf3 Qe7 40. g3 Qc5 41.
Qf4 Qc7 42. Re3 Qc5 43. Rf3 Qc7 44. Re3 Qc5 45. Rf3 1/2-1/2

[Event "28th Pula Open 2014"]
[Site "Pula CRO"]
[Date "2014.06.14"]
[Round "9.11"]
[White "Muskardin, Mario"]
[Black "Yrjola, Jouni"]
[Result "1/2-1/2"]
[BlackTitle "GM"]
[WhiteElo "2248"]
[BlackElo "2366"]
[WhiteFideId "14518180"]
[BlackFideId "500011"]
[EventDate "2014.06.07"]
[EventType "swiss"]

1. e4 c5 2. Ne2 Nc6 3. Nbc3 d6 4. d3 g6 5. Be3 Bg7 6. Qd2 Rb8 7. h3 Qa5 8. g4
Nd4 9. Nxd4 cxd4 10. Nd5 Qd8 11. Bg5 f6 12. Bf4 e6 13. Qb4 exd5 14. Bxd6 Ra8 15.
O-O-O Qb6 16. Qa3 Qa6 17. Qb4 Qb6 18. Qa3 Qa6 19. Qb4 Qb6 1/2-1/2

[Event "28th Pula Open 2014"]
[Site "Pula CRO"]
[Date "2014.06.14"]
[Round "9.12"]
[White "Bontempi, Piero"]
[Black "Sobolevsky, Leonid"]
[Result "1-0"]
[WhiteTitle "FM"]
[BlackTitle "IM"]
[WhiteElo "2361"]
[BlackElo "2245"]
[WhiteFideId "809250"]
[BlackFideId "14103621"]
[EventDate "2014.06.07"]
[EventType "swiss"]

1. e4 c5 2. b3 Nf6 3. e5 Nd5 4. Bb2 Nc6 5. Nf3 e6 6. Nc3 Nxc3 7. Bxc3 b6 8. Bd3
g5 9. h4 g4 10. Ng5 h5 11. f3 Be7 12. Ne4 Nd4 13. fxg4 Qc7 14. Bxd4 cxd4 15. Qf3
Bb7 16. Nf6+ Kd8 17. Qf4 d6 18. Qxd4 Qc5 19. Qxc5 bxc5 20. g5 Bxg2 21. Rg1 Bf3
22. exd6 Bxf6 23. gxf6 Kd7 24. Be2 Bxe2 25. Kxe2 Rag8 26. Rg7 Rxg7 27. fxg7 Rg8
28. Rg1 Kxd6 29. Kd3 f5 30. Kc4 Ke5 31. Kxc5 f4 32. Rg5+ Ke4 33. Kd6 f3 34. Kxe6
f2 35. Re5+ Kd4 36. Rf5 Rxg7 37. Rf4+ Kc5 38. Rxf2 Kb4 39. c3+ Ka3 40. d4 1-0

[Event "28th Pula Open 2014"]
[Site "Pula CRO"]
[Date "2014.06.14"]
[Round "9.13"]
[White "Schnider, Gert"]
[Black "Skreno, Vladimir"]
[Result "1-0"]
[WhiteTitle "FM"]
[WhiteElo "2354"]
[BlackElo "2237"]
[WhiteFideId "1606310"]
[BlackFideId "14902893"]
[EventDate "2014.06.07"]
[EventType "swiss"]

1. d4 Nf6 2. c4 g6 3. Nc3 Bg7 4. e4 d6 5. Nf3 O-O 6. Be2 e5 7. O-O Nc6 8. d5 Ne7
9. Ne1 Ne8 10. Be3 f5 11. f3 f4 12. Bf2 g5 13. c5 Rf7 14. a4 h5 15. a5 Bf8 16.
Nb5 a6 17. cxd6 Nxd6 18. Nxd6 cxd6 19. b4 Bd7 20. Rc1 Rc8 21. Nd3 Rg7 22. Rxc8
Nxc8 23. g4 fxg3 24. hxg3 g4 25. f4 exf4 26. Nxf4 Qe8 27. Bd3 Qe5 28. Qa1 Qg5
29. Qc1 Rf7 30. Ne6 Qxc1 31. Rxc1 Bh6 32. Rc2 Ne7 33. Nd8 Rf3 34. Be2 Ba4 35.
Rc7 Rb3 36. Rxe7 Rb1+ 37. Kg2 Bg5 38. Rc7 Rb2 39. Ne6 Be3 40. Bxe3 Rxe2+ 41. Bf2
Rxe4 42. Rc8+ 1-0

[Event "28th Pula Open 2014"]
[Site "Pula CRO"]
[Date "2014.06.14"]
[Round "9.14"]
[White "Doric, Nenad"]
[Black "Nordenbaek, Jan"]
[Result "1/2-1/2"]
[WhiteTitle "IM"]
[WhiteElo "2303"]
[BlackElo "2226"]
[WhiteFideId "14501694"]
[BlackFideId "1401475"]
[EventDate "2014.06.07"]
[EventType "swiss"]

1. d4 d5 2. c4 c6 3. Nc3 Nf6 4. e3 e6 5. Nf3 Nbd7 6. Qc2 Bd6 7. Bd3 dxc4 8. Bxc4
e5 9. O-O O-O 10. Rd1 Qe7 11. h3 b5 12. Bd3 Bb7 13. Ne4 Nxe4 14. Bxe4 g6 15.
Bxc6 Rac8 16. d5 Nb8 17. e4 1/2-1/2

[Event "28th Pula Open 2014"]
[Site "Pula CRO"]
[Date "2014.06.14"]
[Round "9.15"]
[White "Doncevic, Dario"]
[Black "Krsnik Cohar, Ivan Vihor"]
[Result "1/2-1/2"]
[WhiteTitle "IM"]
[WhiteElo "2294"]
[BlackElo "2106"]
[WhiteFideId "14504553"]
[BlackFideId "14520044"]
[EventDate "2014.06.07"]
[EventType "swiss"]

1. Nf3 d5 2. g3 Nf6 3. Bg2 c6 4. d3 Bg4 5. Nbd2 e6 6. h3 Bh5 7. O-O Bc5 8. b3
Nbd7 9. Bb2 Qc7 10. c4 O-O 11. Rc1 Bd6 12. Qc2 Rad8 13. Rfe1 Rfe8 14. a3 c5 15.
e4 dxe4 16. dxe4 Ne5 17. Qc3 Nfd7 18. g4 Bg6 19. Nh4 f6 20. f4 Nc6 21. e5 fxe5
22. Nxg6 hxg6 23. Bxc6 bxc6 24. Ne4 Be7 25. fxe5 Nf8 26. Rcd1 Nd7 27. Qe3 Qb6
28. Rf1 a5 29. a4 Rf8 30. Rxf8+ Nxf8 31. Rd3 g5 32. Rxd8 Qxd8 33. Qd2 Qb8 1/2-1/2